00000000nam##2200000za#4500
0019.570894
003CaOODSP
00520210624182448
007cr |||||||||||
008150406|2007||||xxc|||||o    f|0| 0 eng|d
040 |aCaOODSP|beng
043 |an-cn---
0861 |aYC19-0/391-9E-PDF
1101 |aCanada. |bParliament. |bSenate. |bStanding Committee on Transport and Communications.
24514|aThe challenges ahead for the Canadian television fund / |h[electronic resource]|cThe Honourable Lise Bacon, chair ; the Honourable David Tkachuk, deputy chair.
260 |aOttawa - Ontario : |bSenate. |cMay 2007.
300 |a22p.
4901 |aReport of the Standing Senate Committee on Transport and Communications|v[39th Parliament, 1st Session, 9th report]
590 |a11-12-Supp|b2011-07-29
77508|tLes défis à venir pour le fonds canadien de télévision / |w(CaOODSP)9.601538
830#0|aReport of the Standing Senate Committee on Transport and Communications ;|v[39th Parliament, 1st Session, 9th report]|w(CaOODSP)9.506417
85640|ahttp://publications.gc.ca|qPDF|s59 KB|uhttps://publications.gc.ca/collections/collection_2011/sen/yc19-0/YC19-0-391-9-eng.pdf|y[39th Parliament, 1st Session, 9th report]